|
|
|
|
| LEADER |
01418nam a2200397Ia 4500 |
| 001 |
EBC3572038 |
| 003 |
MiAaPQ |
| 005 |
20200520144314.0 |
| 006 |
m o d | |
| 007 |
cr cn||||||||| |
| 008 |
050513s2005 ne a sb 101 0 eng d |
| 020 |
|
|
|z 9076998485 (hd.bd.)
|
| 020 |
|
|
|z 9789076998480
|
| 020 |
|
|
|z 9789086865376
|
| 035 |
|
|
|a (MiAaPQ)EBC3572038
|
| 035 |
|
|
|a (Au-PeEL)EBL3572038
|
| 035 |
|
|
|a (CaPaEBR)ebr10686770
|
| 035 |
|
|
|a (OCoLC)767578949
|
| 040 |
|
|
|a MiAaPQ
|c MiAaPQ
|d MiAaPQ
|
| 050 |
|
4 |
|a SF251
|b .I55 2005
|
| 082 |
0 |
4 |
|a 637.127
|2 23
|
| 245 |
0 |
0 |
|a Indicators of milk and beef quality
|h [electronic resource] /
|c editors: J.F. Hocquette and S. Gigli.
|
| 260 |
|
|
|a Wageningen :
|b Wageningen Academic Publishers,
|c 2005.
|
| 300 |
|
|
|a 464 p. :
|b ill.
|
| 490 |
1 |
|
|a EAAP publication,
|x 0071-2477 ;
|v no. 112
|
| 500 |
|
|
|a Conference proceedings.
|
| 504 |
|
|
|a Includes bibliographical references and index.
|
| 533 |
|
|
|a Electronic reproduction. Ann Arbor, MI : ProQuest, 2016. Available via World Wide Web. Access may be limited to ProQuest affiliated libraries.
|
| 650 |
|
0 |
|a Milk
|x Quality.
|
| 650 |
|
0 |
|a Beef
|x Quality.
|
| 655 |
|
4 |
|a Electronic books.
|
| 700 |
1 |
|
|a Hocquette, J. F.
|
| 700 |
1 |
|
|a Gigli, S.
|
| 710 |
2 |
|
|a ProQuest (Firm)
|
| 830 |
|
0 |
|a EAAP publication ;
|v no. 112.
|
| 856 |
4 |
0 |
|u https://ebookcentral.proquest.com/lib/matrademy/detail.action?docID=3572038
|z Click to View
|